Diccionario geográfico náutico de la toponimia austral de Chile. Historia del origen y significado de los nombres de los Canales, Islas y Tierras australes. Desde el Golfo Corcovado, Islas Guaitecas; hasta las islas Diego Ramírez, paso Drake

-д хадгалсан:
Номзүйн дэлгэрэнгүй
Үндсэн зохиолч: Mantellero Ognio, Carlos Alberto (autor)
Формат: Ном
Хэл сонгох:испани
Хэвлэсэн: Valparaíso, Chile Litografía Carroza 2000
Хэвлэл:Tercera edición
Нөхцлүүд:
Шошгууд: Шошго нэмэх
Шошго байхгүй, Энэхүү баримтыг шошголох эхний хүн болох!

MARC

LEADER 00000cam a2200000 a 4500
001 UCG3357
003 CL-VaPUC
005 20220122074448.0
008 100826e20000000CL |||||||||||||||||spa|d
999 |c 342428  |d 342426 
040 |c Pontificia Universidad Católica de Valparaíso 
082 0 4 |a 910 MAN 2000  |2 21 
100 |a Mantellero Ognio, Carlos Alberto  |e autor  |9 552426 
245 1 0 |a Diccionario geográfico náutico de la toponimia austral de Chile. Historia del origen y significado de los nombres de los Canales, Islas y Tierras australes. Desde el Golfo Corcovado, Islas Guaitecas; hasta las islas Diego Ramírez, paso Drake 
250 |a Tercera edición 
260 |a Valparaíso, Chile  |b Litografía Carroza  |c 2000 
300 |a 261 páginas 
583 |a last modification  |c 20180814 04:18:13  |k Rodrigo Vera 
650 0 |a Cartografía   |z CHILE  |9 266055 
650 0 |a Geografía de Chile   |9 268295 
650 0 |a Diccionarios  |z CHILE  |9 256200 
650 7 |a RUTAS NAUTICAS  |2 CL-VaPUC  |9 552428  |z CHILE 
650 0 |a Distribución geográfica  |z CHILE  |9 260005 
852 |a BIBCUR 
942 |c BK  |2 ddc 
945 |d 20100826 00:00:00  |a cmena 
952 |0 0  |1 0  |2 ddc  |4 0  |6 910_000000000000000_MAN_2000  |7 0  |8 C  |9 438616  |a BIBCUR  |b BIBCUR  |d 2019-11-22  |i 4671007  |o 910 MAN 2000  |p 4671007  |r 2025-04-22  |t 1  |w 2019-11-22  |y BK  |k CAC 
952 |0 0  |1 0  |2 ddc  |3 erd  |4 0  |6 910_000000000000000_MAN_2000  |7 0  |8 F  |9 438617  |a BIBHIS  |b BIBHIS  |i 5488540  |l 4  |o 910 MAN 2000  |p 5488540  |r 2024-11-21  |s 2024-11-21  |t 2  |w 2019-11-22  |y BK_F  |z Catalogado en:20180817  |k HIS